[Event "SR 2. liga A 2012/2013"]
[Site "?"]
[Date "2013.02.17"]
[Round "54.6"]
[White "Puchart, Vladimir"]
[Black "Povysil, Peter"]
[Result "1/2-1/2"]
[WhiteElo "2051"]
[BlackElo "1993"]
[PlyCount "40"]
[EventDate "2012.??.??"]
[WhiteTeam "Trnava B"]
[BlackTeam "Krasnany"]

1. d4 Nf6 2. c4 c6 3. Nc3 d5 4. Nf3 e6 5. Bg5 Nbd7 6. e3 Be7 7. a3 O-O 8. Qc2
Re8 9. Bd3 dxc4 10. Bxc4 Nd5 11. Bxe7 Qxe7 12. O-O Nxc3 13. Qxc3 e5 14. dxe5
Nxe5 15. Nxe5 Qxe5 16. Qxe5 Rxe5 17. Rfd1 Bf5 18. Rd4 Rae8 19. Rad1 Kf8 20. Kf1
a5 1/2-1/2

[Event "SR 2. liga A 2012/2013"]
[Site "?"]
[Date "2013.02.17"]
[Round "54.7"]
[White "Mandak, Miroslav"]
[Black "Stetina, Erik"]
[Result "0-1"]
[WhiteElo "1973"]
[BlackElo "2037"]
[PlyCount "125"]
[EventDate "2012.??.??"]
[WhiteTeam "Krasnany"]
[BlackTeam "Trnava B"]

1. Nf3 Nf6 2. g3 g6 3. Bg2 Bg7 4. d3 O-O 5. O-O c5 6. c4 Nc6 7. Nc3 a6 8. Bg5
h6 9. Bd2 Rb8 10. a4 d6 11. h3 b6 12. e3 Nb4 13. Qe2 Bb7 14. e4 e6 15. Rad1 Nd7
16. Ne1 Re8 17. f4 Qc7 18. Bc1 Bc6 19. Nc2 Bd4+ 20. Kh2 Bg7 21. Qf2 Qb7 22. Ne3
Bd4 23. Qe2 d5 24. cxd5 exd5 25. exd5 Nxd5 26. Ncxd5 Bxd5 27. Bxd5 Qxd5 28.
Nxd5 Rxe2+ 29. Kh1 Rbe8 30. Nc3 Rc2 31. Rd2 Rxd2 32. Bxd2 Nf6 33. Re1 Rxe1+ 34.
Bxe1 h5 35. Kg2 Kf8 36. Kf3 Ke7 37. g4 hxg4+ 38. hxg4 Ke6 39. Bd2 Nd5 40. f5+
gxf5 41. gxf5+ Ke5 42. Nxd5 Kxd5 43. b3 b5 44. axb5 axb5 45. Bf4 Bg1 46. Kg2
Bd4 47. Kf3 Bg7 48. Be3 Bf8 49. Kg4 Be7 50. Bf2 Bf6 51. Kf3 Bd4 52. Bg3 Bg1 53.
Kg2 Be3 54. Kf3 Kd4 55. Ke2 Bc1 56. Bf2+ Kc3 57. Bxc5 Kxb3 58. Kd1 Ba3 59. Bd4
Bd6 60. Bf6 b4 61. Kc1 Ka2 62. Kc2 b3+ 63. Kc3 {cas} 0-1

[Event "SR 2. liga A 2012/2013"]
[Site "?"]
[Date "2013.02.17"]
[Round "54.8"]
[White "Puskar, Peter"]
[Black "Kovac, Daniel"]
[Result "1-0"]
[WhiteElo "2004"]
[BlackElo "1771"]
[PlyCount "59"]
[EventDate "2012.??.??"]
[WhiteTeam "Trnava B"]
[BlackTeam "Krasnany"]

1. d4 d5 2. c4 c6 3. Nf3 Nf6 4. Nc3 e6 5. Bg5 h6 6. Bh4 g5 7. Bg3 dxc4 8. e3 b5
9. a4 a6 10. axb5 cxb5 11. Nxb5 axb5 12. Rxa8 Bb4+ 13. Ke2 Nc6 14. Ne5 Nxe5 15.
Bxe5 Be7 16. f3 O-O 17. Kf2 Nd7 18. Be2 Nxe5 19. dxe5 Qb6 20. Qc1 Bc5 21. h4 g4
22. fxg4 f5 23. exf6 Rxf6+ 24. Bf3 Qc7 25. Qc3 Be7 26. Qd4 Kf7 27. g5 Rf5 28.
Qh8 Bd8 29. Qh7+ Kf8 30. Qxc7 1-0

[Event "SR 2. liga A 2012/2013"]
[Site "?"]
[Date "2013.03.16"]
[Round "55.1"]
[White "Sipos, Istvan"]
[Black "Kovacocy, Pavel"]
[Result "1/2-1/2"]
[WhiteElo "2459"]
[BlackElo "2221"]
[PlyCount "130"]
[EventDate "2012.??.??"]
[WhiteTeam "Gabcikovo"]
[BlackTeam "Trnava B"]

1. d4 g6 2. e4 Bg7 3. Nf3 c5 4. dxc5 Qa5+ 5. c3 Qxc5 6. Na3 Nf6 7. Nb5 b6 8. e5
Ng4 9. Nfd4 Qxe5+ 10. Be2 Bb7 11. f4 Qe4 12. Nc7+ Kd8 13. Nxa8 Qxg2 14. Rf1
Nxh2 15. Qa4 e5 16. Qxa7 exd4 17. Qxb6+ Ke7 18. b3 Rd8 19. Ba3+ d6 20. Qc7+ Rd7
21. Bxd6+ Kf6 22. Be5+ Kf5 23. Qc5 Rd5 24. Qc4 Ba6 25. Bd3+ Kg4 26. Qxd5 Qxd5
27. Rg1+ Kh4 28. Bxg7 Bxd3 29. Bf6+ Kh3 30. O-O-O dxc3 31. Nb6 Qf3 32. Bxc3
Qxf4+ 33. Kb2 Qf2+ 34. Ka1 Bf1 35. Bd4 Qe2 36. Rc1 Bg2 37. Rc3+ Nf3 38. Rgc1
Na6 39. a3 Qe4 40. Be3 Nc7 41. Bf2 Nb5 42. Rc4 Qe5+ 43. Ka2 Qe7 44. Bc5 Qe6 45.
a4 Nd6 46. Rb4 Ne4 47. Be3 Qe5 48. Ka3 Qd6 49. a5 Qd3 50. Nc4 Nfd2 51. Bg1 Nb1+
52. Kb2 Nbc3 53. Ra1 Nd1+ 54. Ka3 Nec3 55. a6 Bc6 56. Rb6 Nb1+ 57. Rxb1 Qxb1
58. Rxc6 Nc3 59. Be3 Qa2+ 60. Kb4 Nd5+ 61. Kc5 Nxe3 62. Nxe3 Qxb3 63. Nd5 Qa3+
64. Kb6 Qb3+ 65. Kc5 Qa3+ 1/2-1/2

[Event "SR 2. liga A 2012/2013"]
[Site "?"]
[Date "2013.03.16"]
[Round "55.2"]
[White "Drtina, Milan"]
[Black "Janko, Michal"]
[Result "1-0"]
[WhiteElo "2202"]
[BlackElo "2294"]
[PlyCount "101"]
[EventDate "2012.??.??"]
[WhiteTeam "Trnava B"]
[BlackTeam "Gabcikovo"]

1. e4 g6 2. d4 Bg7 3. c4 d6 4. Nc3 e5 5. Nf3 Nc6 6. Bg5 f6 7. Be3 Nh6 8. dxe5
dxe5 9. Qxd8+ Kxd8 10. O-O-O+ Bd7 11. h3 Nb8 12. c5 c6 13. Nd2 Nf7 14. Bc4 Rf8
15. Bxf7 Rxf7 16. Nc4 Kc7 17. Nd6 Rf8 18. b4 Be6 19. a4 Nd7 20. Rd2 f5 21. f3
f4 22. Bf2 Bf6 23. Rhd1 b6 24. Nd5+ cxd5 25. exd5 Bf5 26. Nb5+ Kd8 27. c6 Nb8
28. Nxa7 Rxa7 29. Bxb6+ Rc7 30. d6 Nxc6 31. dxc7+ Kc8 32. Rd6 Nd4 33. a5 Be7
34. Rd5 Bxb4 35. Rd8+ Kb7 36. Bxd4 exd4 37. R1xd4 Kxc7 38. a6 Bc5 39. Rxf8 Bxf8
40. a7 Kb7 41. a8=Q+ Kxa8 42. Rd8+ Kb7 43. Rxf8 Kc6 44. Kd2 Kd5 45. Kc3 Ke5 46.
Kc4 h5 47. h4 Be6+ 48. Kc5 Bf5 49. Re8+ Be6 50. Re7 Kf6 51. Kd6 1-0

[Event "SR 2. liga A 2012/2013"]
[Site "?"]
[Date "2013.03.16"]
[Round "55.3"]
[White "Janko, Ladislav"]
[Black "Arendas, Marek"]
[Result "0-1"]
[WhiteElo "2212"]
[BlackElo "2085"]
[PlyCount "60"]
[EventDate "2012.??.??"]
[WhiteTeam "Gabcikovo"]
[BlackTeam "Trnava B"]

1. e4 c6 2. d4 d5 3. e5 c5 4. dxc5 Qa5+ 5. Nc3 e6 6. Be3 Nd7 7. Nf3 Bxc5 8.
Bxc5 Nxc5 9. Qd4 Nd7 10. Bd3 Ne7 11. O-O h6 12. Rfe1 a6 13. Qg4 O-O 14. a3 Qc7
15. Qg3 Nc6 16. Rad1 b5 17. Na2 Bb7 18. Nb4 Ne7 19. c3 Nc5 20. Nd4 Rac8 21. f3
f5 22. exf6 Qxg3 23. hxg3 Rxf6 24. Nbc2 Kf7 25. Na1 g5 26. Nab3 Nd7 27. Na5 Ba8
28. a4 e5 29. Nc2 bxa4 30. Bxa6 Rxa6 0-1

[Event "SR 2. liga A 2012/2013"]
[Site "?"]
[Date "2013.03.16"]
[Round "55.4"]
[White "Doucha, Ludvik"]
[Black "Dvorsky, Jozef"]
[Result "1/2-1/2"]
[WhiteElo "2072"]
[BlackElo "2020"]
[PlyCount "40"]
[EventDate "2012.??.??"]
[WhiteTeam "Trnava B"]
[BlackTeam "Gabcikovo"]

1. e4 c5 2. c4 Nc6 3. Ne2 g6 4. d4 cxd4 5. Nxd4 Bg7 6. Be3 Nf6 7. Nc3 O-O 8.
Be2 d6 9. O-O a6 10. Kh1 h5 11. h3 Nxd4 12. Bxd4 Be6 13. b3 Rc8 14. Rc1 Qa5 15.
f4 b5 16. f5 Bd7 17. fxg6 fxg6 18. Nd5 Nxd5 19. exd5 Bxd4 20. Qxd4 Qxa2 1/2-1/2

[Event "SR 2. liga A 2012/2013"]
[Site "?"]
[Date "2013.03.16"]
[Round "55.5"]
[White "Kantor, Reka"]
[Black "Puchart, Vladimir"]
[Result "1/2-1/2"]
[WhiteElo "1949"]
[BlackElo "2051"]
[PlyCount "120"]
[EventDate "2012.??.??"]
[WhiteTeam "Gabcikovo"]
[BlackTeam "Trnava B"]

1. e4 c5 2. Nf3 d6 3. c4 Nc6 4. d4 cxd4 5. Nxd4 g6 6. Nc3 Bg7 7. Be3 Nf6 8. Be2
Qa5 9. Nb3 Qd8 10. Rc1 O-O 11. O-O Be6 12. Nd4 Nxd4 13. Bxd4 Qa5 14. b3 Rab8
15. Qd3 Rfc8 16. Rc2 a6 17. Rfc1 Nd7 18. Bxg7 Kxg7 19. Qd4+ Qe5 20. Qxe5+ Nxe5
21. Nd5 Kf8 22. Nb4 Nd7 23. f4 Rc7 24. Bf3 Rbc8 25. g4 f6 26. h3 a5 27. Nd5
Bxd5 28. exd5 b5 29. Kf2 Nb6 30. Ke3 bxc4 31. bxc4 Rxc4 32. Rxc4 Rxc4 33. Rxc4
Nxc4+ 34. Kd4 Nb6 35. Be4 Kf7 36. f5 g5 37. Bd3 Ke8 38. Bb5+ Kd8 39. Bc6 Kc7
40. a4 Kb8 41. Bb5 Na8 42. Be2 Nc7 43. Bd3 Ka7 44. Bc4 Kb6 45. Be2 Kb7 46. Bc4
Kc8 47. Be2 Kd8 48. Bd3 Ke8 49. Bf1 Kf8 50. Be2 Kg7 51. Bd3 Kh8 52. Be2 Kg8 53.
Bf1 Kg7 54. Be2 Kf8 55. Bd3 Kg8 56. Be2 Kg7 57. Bd3 Na8 58. Bb5 Nc7 59. Bd3 Na8
60. Bb5 Nc7 1/2-1/2

[Event "SR 2. liga A 2012/2013"]
[Site "?"]
[Date "2013.03.16"]
[Round "55.6"]
[White "Sturdik, Igor"]
[Black "Kosar, Mikulas ml"]
[Result "1/2-1/2"]
[WhiteElo "2027"]
[BlackElo "1968"]
[PlyCount "108"]
[EventDate "2012.??.??"]
[WhiteTeam "Trnava B"]
[BlackTeam "Gabcikovo"]

1. e4 d5 2. exd5 Nf6 3. d4 Nxd5 4. c4 Nb4 5. a3 N4a6 6. b4 c6 7. Bb2 Bf5 8. Nf3
e6 9. Be2 Nd7 10. O-O Nf6 11. Nc3 Be7 12. Qb3 O-O 13. Rfd1 Nc7 14. Nh4 Bg4 15.
Nf3 Bh5 16. Ne5 Bxe2 17. Nxe2 Ne4 18. Qf3 Nd6 19. Rac1 Bg5 20. Rc2 Qe7 21. Ng3
Rad8 22. Ne4 Nxe4 23. Qxe4 f6 24. Nf3 f5 25. Qe2 Bf6 26. Re1 Rfe8 27. Ne5 Qd6
28. Qf3 Bxe5 29. Rxe5 g6 30. h4 a6 31. Rce2 Qd7 32. g3 b5 33. Rc5 bxc4 34. Rxc6
Nd5 35. Rxc4 Qa4 36. Rc5 Rd6 37. Rec2 Qd7 38. Qe2 f4 39. Qe5 fxg3 40. fxg3 Rf8
41. Rf2 Rxf2 42. Kxf2 Qf7+ 43. Kg2 Rd8 44. Rc6 Rf8 45. Qxe6 Ne3+ 46. Kh3 Qxe6+
47. Rxe6 Rf3 48. Bc1 Nf5 49. Rxa6 Rxg3+ 50. Kh2 Rc3 51. Bg5 Nxd4 52. Bf6 Rc2+
53. Kg3 Nf5+ 54. Kf4 Kf7 1/2-1/2

[Event "SR 2. liga A 2012/2013"]
[Site "?"]
[Date "2013.03.16"]
[Round "55.7"]
[White "Kosar, Mikulas st"]
[Black "Puskar, Peter"]
[Result "0-1"]
[WhiteElo "1738"]
[BlackElo "2004"]
[PlyCount "64"]
[EventDate "2012.??.??"]
[WhiteTeam "Gabcikovo"]
[BlackTeam "Trnava B"]

1. e4 c5 2. Nf3 d6 3. d4 cxd4 4. Nxd4 Nf6 5. Nc3 a6 6. h3 e5 7. Nf3 h6 8. Bc4
Be7 9. O-O O-O 10. Re1 Be6 11. Nd5 Nbd7 12. Nxe7+ Qxe7 13. Bxe6 fxe6 14. c3 Nc5
15. Qc2 Qc7 16. b4 Ncxe4 17. Rxe4 Nxe4 18. Qxe4 Qxc3 19. Rb1 d5 20. Qxe5 Rxf3
21. Qxe6+ Rf7 22. Qxd5 Qe1+ 23. Kh2 Qxf2 24. Rb2 Qb6 25. a3 Qc7+ 26. g3 Qxc1
27. Rf2 Raf8 28. h4 Qc6 29. Qb3 Qg6 30. Qd5 Kh8 31. Re2 Rf2+ 32. Rxf2 Rxf2+ 0-1

[Event "SR 2. liga A 2012/2013"]
[Site "?"]
[Date "2013.03.16"]
[Round "55.8"]
[White "Mosny, Jaroslav"]
[Black "Both, Tamas"]
[Result "0-1"]
[WhiteElo "1923"]
[BlackElo "1747"]
[PlyCount "96"]
[EventDate "2012.??.??"]
[WhiteTeam "Trnava B"]
[BlackTeam "Gabcikovo"]

1. d4 Nf6 2. Nf3 e6 3. e3 d5 4. Bd3 c5 5. b3 Nbd7 6. O-O Qc7 7. Bb2 cxd4 8.
exd4 Bd6 9. Nbd2 O-O 10. Qe2 Re8 11. Ne5 Re7 12. Ndf3 b6 13. Rae1 Bb7 14. Nxd7
Rxd7 15. Ne5 Re7 16. Qf3 Rc8 17. Qh3 g6 18. Re3 Ne4 19. Qh6 f6 20. Ng4 Bf4 21.
Qh4 Bg5 22. Qh3 Bxe3 23. fxe3 f5 24. Ne5 Rg7 25. Ba3 Ng5 26. Qh4 Nf7 27. Nf3
Re8 28. g4 e5 29. dxe5 Nxe5 30. Bb2 Nxf3+ 31. Rxf3 d4 32. Bc4+ Kh8 33. Rf4 Qc6
34. e4 Rxe4 35. Rxe4 g5 36. Qe1 fxe4 37. Bxd4 e3 38. Bxg7+ Kxg7 39. Qc3+ Kh6
40. Kf1 Qf3+ 41. Ke1 Qf2+ 42. Kd1 Bf3+ 43. Kc1 Bxg4 44. Qd4 Qf4 45. Qc3 e2+ 46.
Kb2 Qf2 47. Bxe2 Bxe2 48. Qh3+ Kg6 0-1

[Event "SR 2. liga A 2012/2013"]
[Site "?"]
[Date "2013.03.16"]
[Round "56.1"]
[White "Smolen, Jan"]
[Black "Abel, Peter"]
[Result "1-0"]
[WhiteElo "2361"]
[BlackElo "2194"]
[PlyCount "61"]
[EventDate "2012.??.??"]
[WhiteTeam "DNV A"]
[BlackTeam "Piestany"]

1. d4 Nf6 2. c4 c5 3. d5 e5 4. Nc3 d6 5. e4 Nbd7 6. Bd3 Be7 7. Nge2 O-O 8. h4
h5 9. f3 Ne8 10. g3 Ndf6 11. Be3 a6 12. a4 Bd7 13. a5 b5 14. axb6 Qxb6 15. Qc2
Nc7 16. Kf2 Rfb8 17. Rhb1 a5 18. Qd2 Na6 19. Nb5 Nb4 20. Nec3 Ne8 21. Be2 Qd8
22. Kg2 g6 23. Rf1 Bf6 24. Rf2 Nc7 25. Nxd6 Bh3+ 26. Kxh3 Qxd6 27. Raf1 Rf8 28.
b3 Bg7 29. Na4 Nca6 30. f4 Rae8 31. f5 1-0

[Event "SR 2. liga A 2012/2013"]
[Site "?"]
[Date "2013.03.16"]
[Round "56.2"]
[White "Godula, Martin"]
[Black "Oprea, Erik"]
[Result "1/2-1/2"]
[WhiteElo "2175"]
[BlackElo "2125"]
[PlyCount "161"]
[EventDate "2012.??.??"]
[WhiteTeam "Piestany"]
[BlackTeam "DNV A"]

1. e4 d5 2. exd5 Nf6 3. d4 Nxd5 4. Nf3 c5 5. Be2 e6 6. O-O Qc7 7. Re1 Be7 8. c4
Nf4 9. Bf1 Ng6 10. Nc3 a6 11. d5 O-O 12. Qc2 e5 13. h3 Nd7 14. Bg5 Bd6 15. Ne4
f5 16. Nxd6 Qxd6 17. Bd2 h6 18. Bc3 e4 19. Nh2 Nf6 20. Bxf6 Rxf6 21. f3 exf3
22. Nxf3 Bd7 23. Qc3 Qg3 24. Ne5 Qxc3 25. bxc3 Nxe5 26. Rxe5 Re8 27. Rxe8+ Bxe8
28. Re1 Kf7 29. Bd3 Bd7 30. Kf2 Rb6 31. Re2 Kf6 32. Kf3 g5 33. g3 a5 34. Ke3 a4
35. Rf2 a3 36. Bxf5 Bxf5 37. g4 Rb2 38. Rxf5+ Ke7 39. Rf2 Kd6 40. Re2 b5 41.
cxb5 Kxd5 42. Kd3 c4+ 43. Ke3 Rxb5 44. Rf2 Rb2 45. Rf5+ Ke6 46. Rf2 Kd5 47.
Rf5+ Kc6 48. Rf2 Kd5 49. Rf5+ Ke6 50. Rf2 Ke7 51. Re2 Ke6 52. Rf2 Rb1 53. Kd4
Rh1 54. Rf3 Rh2 55. Kxc4 Rxa2 56. Kb3 Ra1 57. Rd3 Ke5 58. Re3+ Kd5 59. Rf3 Rh1
60. Kxa3 Kc4 61. Kb2 Rh2+ 62. Kc1 Kb3 63. Kd1 Kc4 64. Ke1 Rc2 65. Rf6 Kd3 66.
Rf3+ Ke4 67. Rg3 Kf4 68. Rd3 Ke4 69. Rg3 Rh2 70. Kf1 Rc2 71. Ke1 Ra2 72. Kf1
Rb2 73. Ke1 Kf4 74. Rd3 Rg2 75. Kf1 Rh2 76. Ke1 Rc2 77. Kf1 Ke4 78. Rg3 Ra2 79.
Ke1 Ra8 80. Ke2 Ra2+ 81. Ke1 1/2-1/2

[Event "SR 2. liga A 2012/2013"]
[Site "?"]
[Date "2013.03.16"]
[Round "56.3"]
[White "Hricak, Vasil"]
[Black "Mihalik, Marek"]
[Result "0-1"]
[WhiteElo "2124"]
[BlackElo "2019"]
[PlyCount "96"]
[EventDate "2012.??.??"]
[WhiteTeam "DNV A"]
[BlackTeam "Piestany"]

1. e4 c5 2. d4 cxd4 3. c3 dxc3 4. Nxc3 d6 5. Nf3 e6 6. Bc4 Nc6 7. O-O Be7 8.
Qe2 Nf6 9. Re1 Qc7 10. Nb5 Qb8 11. Bg5 a6 12. Bxf6 gxf6 13. Nbd4 Ne5 14. Bb3
Bd7 15. Rac1 Qd8 16. Nd2 h5 17. Kh1 Rc8 18. f4 Rxc1 19. Rxc1 Nc6 20. Nxc6 Bxc6
21. f5 Qd7 22. Re1 Bd8 23. Rd1 b5 24. Nf3 e5 25. Qd3 Ke7 26. Bd5 Bb6 27. h3 Rc8
28. Ne1 Ba5 29. Nc2 Bxd5 30. exd5 Qc7 31. Ne3 Bb6 32. Nf1 Qc2 33. Qf3 h4 34.
Nh2 Qxb2 35. Ng4 Rc1 36. Qf1 Rxd1 37. Qxd1 Qd4 38. Qxd4 Bxd4 39. g3 hxg3 40.
Kg2 Bf2 41. h4 b4 42. h5 a5 43. h6 Kf8 44. Nxf6 a4 45. h7 Kg7 46. Ne8+ Kxh7 47.
Nxd6 b3 48. axb3 a3 0-1

[Event "SR 2. liga A 2012/2013"]
[Site "?"]
[Date "2013.03.16"]
[Round "56.4"]
[White "Mihalik, Anton"]
[Black "Machalova, Maria"]
[Result "0-1"]
[WhiteElo "1953"]
[BlackElo "2105"]
[PlyCount "80"]
[EventDate "2012.??.??"]
[WhiteTeam "Piestany"]
[BlackTeam "DNV A"]

1. c4 e5 2. Nc3 Nc6 3. Nf3 g6 4. g3 Bg7 5. Bg2 d6 6. O-O Nge7 7. e3 f5 8. d4 e4
9. Ne1 O-O 10. f3 exf3 11. Bxf3 Kh8 12. Nc2 a6 13. Qd3 Be6 14. b3 d5 15. c5 Ng8
16. Bd2 Nf6 17. Qe2 Qd7 18. Bg2 Rfe8 19. Rae1 Bg8 20. Qd1 a5 21. a3 Nd8 22. Qe2
Ne6 23. Qd1 Ng5 24. Qb1 Be6 25. b4 axb4 26. axb4 Nfe4 27. Nxe4 fxe4 28. h4 Nh3+
29. Kh2 g5 30. hxg5 Nxg5 31. Rf4 Bg4 32. Rh1 Ra6 33. Kg1 Rg6 34. Rh4 Nf3+ 35.
Bxf3 Bxf3 36. Ne1 Bh6 37. Nxf3 Bxf4 38. exf4 Rxg3+ 39. Kf2 Rxf3+ 40. Ke2 Qb5+
0-1

[Event "SR 2. liga A 2012/2013"]
[Site "?"]
[Date "2013.03.16"]
[Round "56.5"]
[White "Sosovicka, Juraj"]
[Black "Nemsak, Denis"]
[Result "1-0"]
[WhiteElo "2089"]
[BlackElo "1873"]
[PlyCount "99"]
[EventDate "2012.??.??"]
[WhiteTeam "DNV A"]
[BlackTeam "Piestany"]

1. e4 d5 2. exd5 Nf6 3. Nf3 Nxd5 4. d4 g6 5. c4 Nb6 6. Nc3 Bg7 7. Be3 O-O 8. h3
Nc6 9. Be2 e5 10. d5 Ne7 11. O-O Nf5 12. Bg5 f6 13. Bc1 Re8 14. c5 Nd7 15. Ne4
b6 16. b4 bxc5 17. bxc5 Rb8 18. Ba3 Nd4 19. Bc4 Nf8 20. c6 f5 21. d6+ Be6 22.
Bxe6+ Nfxe6 23. d7 fxe4 24. dxe8=Q+ Qxe8 25. Nd2 Qxc6 26. Rb1 Rd8 27. Be7 Re8
28. Bh4 Nf5 29. Bg3 e3 30. Nb3 Nxg3 31. fxg3 Nd4 32. Qd3 e2 33. Rfe1 Qb6 34.
Kh1 e4 35. Qc4+ Kh8 36. Nxd4 Qxd4 37. Qxe2 c5 38. Red1 Qa4 39. Rb7 Bd4 40. Rf1
Qc6 41. Rff7 Qe6 42. Qf1 Kg8 43. Qf4 e3 44. Qc7 e2 45. Rg7+ Kh8 46. Rxh7+ Kg8
47. Rh8+ Bxh8 48. Qh7+ Kf8 49. Qxh8+ Qg8 50. Qf6+ 1-0

[Event "SR 2. liga A 2012/2013"]
[Site "?"]
[Date "2013.03.16"]
[Round "56.6"]
[White "Strapko, Tomas"]
[Black "Sosovicka, Matej"]
[Result "0-1"]
[WhiteElo "1880"]
[BlackElo "2001"]
[PlyCount "60"]
[EventDate "2012.??.??"]
[WhiteTeam "Piestany"]
[BlackTeam "DNV A"]

1. d4 d5 2. c4 c6 3. Nc3 Nf6 4. Nf3 e6 5. Bg5 Nbd7 6. e3 Qa5 7. Bxf6 Nxf6 8. a3
Bd6 9. Bd3 O-O 10. O-O Qd8 11. cxd5 exd5 12. h3 Qe7 13. Qc2 Re8 14. b4 a6 15.
Bf5 Bc7 16. Rae1 Bxf5 17. Qxf5 a5 18. b5 Qxa3 19. bxc6 bxc6 20. Rc1 Qd6 21. g3
a4 22. Ne5 g6 23. Qd3 Qe6 24. h4 Bxe5 25. dxe5 Qxe5 26. Ne2 Rec8 27. Nf4 Ne4
28. Rfd1 a3 29. Ra1 Qb2 30. Ne2 a2 0-1

[Event "SR 2. liga A 2012/2013"]
[Site "?"]
[Date "2013.03.16"]
[Round "56.7"]
[White "Prikler, Bruno"]
[Black "Curidlo, Jan"]
[Result "1-0"]
[WhiteElo "2092"]
[BlackElo "1880"]
[PlyCount "183"]
[EventDate "2012.??.??"]
[WhiteTeam "DNV A"]
[BlackTeam "Piestany"]

1. c4 Nf6 2. Nc3 c5 3. g3 e6 4. Bg2 Nc6 5. e3 Be7 6. Nge2 O-O 7. O-O d5 8. d3
a6 9. a3 Re8 10. b3 Rb8 11. Qc2 d4 12. Na4 e5 13. e4 Bg4 14. h3 Bd7 15. f4 Bd6
16. f5 h6 17. g4 Nh7 18. Bd2 Be7 19. Rab1 b6 20. Ng3 Bg5 21. Nh5 f6 22. Be1
Be3+ 23. Kh1 Re7 24. h4 Be8 25. Ng3 Rc7 26. Rf3 Qe7 27. Ne2 Na7 28. Nb2 b5 29.
Nd1 bxc4 30. dxc4 Nc6 31. Nxe3 dxe3 32. Rxe3 Rd7 33. Nc3 Nd4 34. Qa2 h5 35. Nd5
Qf7 36. Bh3 Rdb7 37. b4 Bc6 38. Rc1 hxg4 39. Bxg4 Qf8 40. Bc3 Kh8 41. Rg1 Qd6
42. Rh3 Ba4 43. bxc5 Qxc5 44. Bb4 Qa7 45. Bd6 Rc8 46. c5 Bb3 47. Qd2 Rxc5 48.
Bxc5 Qxc5 49. Rc3 Qf8 50. Rgc1 Rb8 51. Rc7 Bxd5 52. exd5 Qd6 53. Rc8+ Nf8 54.
Rxb8 Qxb8 55. Qc3 Qd8 56. Qc4 Kh7 57. Bh5 Nxf5 58. Bf3 Nd4 59. Qc8 Qe7 60. Be4+
f5 61. Bxf5+ Nxf5 62. Qxf5+ g6 63. Qg5 Qxa3 64. Rc7+ Kg8 65. Qxe5 Qf3+ 66. Kg1
Qd1+ 67. Kf2 Qd2+ 68. Kf3 Qd1+ 69. Ke4 Qe2+ 70. Kd4 Qb2+ 71. Rc3 Qd2+ 72. Kc4
Qa2+ 73. Kb4 Qb2+ 74. Ka4 Qa1+ 75. Kb3 Qb1+ 76. Kc4 Qb5+ 77. Kd4 Qb4+ 78. Ke3
Qxh4 79. d6 Qe1+ 80. Kd4 Qd2+ 81. Kc4 Qa2+ 82. Kd3 Qb1+ 83. Rc2 Qd1+ 84. Rd2
Qf1+ 85. Kc2 Qc4+ 86. Qc3 Qxc3+ 87. Kxc3 Nd7 88. Kd4 Kf7 89. Re2 Nf6 90. Kc5 g5
91. Rf2 Ke6 92. Rxf6+ 1-0

[Event "SR 2. liga A 2012/2013"]
[Site "?"]
[Date "2013.03.16"]
[Round "57.1"]
[White "Petenyi, Tamas"]
[Black "Rohacek, Miroslav"]
[Result "1-0"]
[WhiteElo "2457"]
[BlackElo "2308"]
[PlyCount "77"]
[EventDate "2012.??.??"]
[WhiteTeam "D. Streda B"]
[BlackTeam "KSN"]

1. e4 e5 2. Nf3 Nc6 3. Bb5 f5 4. Nc3 fxe4 5. Nxe4 Nf6 6. Qe2 d5 7. Nxf6+ gxf6
8. d4 e4 9. Nh4 Be6 10. Be3 Qd6 11. O-O-O O-O-O 12. g3 Ne7 13. Qh5 Rg8 14. Be2
Qd7 15. Ng2 Rg6 16. Bf4 Bf7 17. Bf1 Qa4 18. Kb1 f5 19. Ne3 Rf6 20. Qxh7 Bg6 21.
Qh3 Rb6 22. c3 Nc6 23. Rd2 Ba3 24. Be2 Nxd4 25. cxd4 Bxb2 26. Rxb2 Rxb2+ 27.
Kxb2 Qxd4+ 28. Kc2 Qc5+ 29. Kd1 d4 30. Nxf5 d3 31. Ne3+ Kb8 32. Bg4 Qc3 33. Qh4
Qa1+ 34. Kd2 Qxa2+ 35. Ke1 Qa1+ 36. Nd1 Qd4 37. Qe7 d2+ 38. Kf1 Qc4+ 39. Be2
1-0

[Event "SR 2. liga A 2012/2013"]
[Site "?"]
[Date "2013.03.16"]
[Round "57.2"]
[White "Kovac, Andrej"]
[Black "Csiba, Dominik"]
[Result "1-0"]
[WhiteElo "2148"]
[BlackElo "2376"]
[PlyCount "79"]
[EventDate "2012.??.??"]
[WhiteTeam "KSN"]
[BlackTeam "D. Streda B"]

1. b3 d5 2. Bb2 Bg4 3. d4 Nf6 4. Nd2 Nbd7 5. Ngf3 e6 6. e3 Bd6 7. Bd3 c6 8. Qc1
Qc7 9. O-O g5 10. Ba3 Rg8 11. Bxd6 Qxd6 12. Qb2 Bf5 13. Ne5 Ng4 14. Nxg4 Bxg4
15. e4 Qf4 16. c4 dxe4 17. Nxe4 Bf5 18. Rfe1 O-O-O 19. b4 Kb8 20. Bc2 Nb6 21.
Qc3 Bg6 22. Rad1 h5 23. a4 Nxa4 24. Bxa4 Bxe4 25. b5 Rc8 26. Ra1 b6 27. c5 cxb5
28. Bxb5 Rc7 29. Qa3 bxc5 30. f3 Bd5 31. Reb1 Qxd4+ 32. Kh1 Ka8 33. Qa5 Rb7 34.
Qa6 Rgb8 35. Rd1 Qb2 36. Rdb1 Qe5 37. Bc6 Bxc6 38. Qxc6 Qd4 39. Rd1 Qc4 40.
Rxa7+ 1-0

[Event "SR 2. liga A 2012/2013"]
[Site "?"]
[Date "2013.03.16"]
[Round "57.3"]
[White "Takacs, Laszlo"]
[Black "Kimerling, Martin"]
[Result "1-0"]
[WhiteElo "2134"]
[BlackElo "2027"]
[PlyCount "63"]
[EventDate "2012.??.??"]
[WhiteTeam "D. Streda B"]
[BlackTeam "KSN"]

1. e4 c5 2. Nf3 d6 3. d4 cxd4 4. Nxd4 Nf6 5. Nc3 a6 6. Be2 e5 7. Nb3 Be7 8. O-O
Be6 9. f4 Qc7 10. f5 Bc4 11. Kh1 b5 12. Bxc4 Qxc4 13. Bg5 Nbd7 14. Qf3 O-O 15.
a3 a5 16. a4 b4 17. Nd2 Qa6 18. Nb5 Rac8 19. Rac1 Rfd8 20. b3 Nb6 21. Qg3 Kh8
22. Rfe1 Qb7 23. Be3 Nbd7 24. Qf3 Nc5 25. Bxc5 Rxc5 26. Nc4 Qa8 27. Rcd1 d5 28.
exd5 e4 29. Qe2 Nxd5 30. Qxe4 Bf6 31. Rxd5 Rcxd5 32. Nc7 1-0

[Event "SR 2. liga A 2012/2013"]
[Site "?"]
[Date "2013.03.16"]
[Round "57.4"]
[White "Sebo, Viktor"]
[Black "Jablonicky, Frantisek"]
[Result "1-0"]
[WhiteElo "2073"]
[BlackElo "2173"]
[PlyCount "105"]
[EventDate "2012.??.??"]
[WhiteTeam "KSN"]
[BlackTeam "D. Streda B"]

1. e4 c6 2. d4 d5 3. Nc3 dxe4 4. Nxe4 Nf6 5. Nxf6+ gxf6 6. Bf4 Bf5 7. Nf3 e6 8.
Bd3 Bg4 9. c3 Bd6 10. Bg3 Qc7 11. Qb3 Bxg3 12. hxg3 Bxf3 13. gxf3 Nd7 14. O-O-O
h5 15. Rde1 O-O-O 16. Qa3 a6 17. Qe7 Rdf8 18. Rh4 Qd8 19. Qxd8+ Kxd8 20. Reh1
Rfg8 21. g4 Ke7 22. Rxh5 Rxh5 23. Rxh5 Nb6 24. Be4 Nc8 25. Kd2 Nd6 26. Bd3 Nc8
27. Be4 Nb6 28. b3 Nd5 29. Bxd5 exd5 30. c4 Ke6 31. Kd3 b5 32. c5 a5 33. a3 a4
34. b4 Re8 35. Rf5 Rh8 36. Rh5 Re8 37. Kd2 Ke7 38. f4 Kd7 39. f3 Rg8 40. Rh6
Ke7 41. f5 Rc8 42. Ke3 Re8 43. Kf4 Rc8 44. Kg3 Re8 45. Kh4 Rf8 46. Kh5 Rc8 47.
f4 Re8 48. g5 fxg5 49. fxg5 Kd7 50. Rh7 Re3 51. Rxf7+ Ke8 52. g6 Rxa3 53. Ra7
1-0

[Event "SR 2. liga A 2012/2013"]
[Site "?"]
[Date "2013.03.16"]
[Round "57.5"]
[White "Blaho, Stefan"]
[Black "Padysak, Tomas"]
[Result "1-0"]
[WhiteElo "2134"]
[BlackElo "2035"]
[PlyCount "59"]
[EventDate "2012.??.??"]
[WhiteTeam "D. Streda B"]
[BlackTeam "KSN"]

1. d4 d5 2. c4 c6 3. Nc3 Nf6 4. Nf3 e6 5. e3 Nbd7 6. Be2 Bd6 7. O-O O-O 8. Qc2
a6 9. e4 dxe4 10. Nxe4 Nxe4 11. Qxe4 Nf6 12. Qh4 Nd7 13. Bg5 f6 14. Bd2 Re8 15.
Rfe1 Nf8 16. Bd3 c5 17. dxc5 Bxc5 18. Be4 Qb6 19. b4 Be7 20. Qh5 Bd7 21. c5 Qc7
22. Nd4 f5 23. Bf3 Bf6 24. Bc3 g6 25. Qh6 Bg7 26. Qxg7+ Kxg7 27. Nxe6+ Kf7 28.
Nxc7 Rxe1+ 29. Rxe1 Rc8 30. Bd5+ 1-0

[Event "SR 2. liga A 2012/2013"]
[Site "?"]
[Date "2013.03.16"]
[Round "57.6"]
[White "Sklars, Tomas"]
[Black "Merva, Frantisek"]
[Result "1/2-1/2"]
[WhiteElo "2003"]
[BlackElo "2006"]
[PlyCount "44"]
[EventDate "2012.??.??"]
[WhiteTeam "KSN"]
[BlackTeam "D. Streda B"]

1. e4 e5 2. Nf3 Nc6 3. Bc4 Bc5 4. O-O Nf6 5. d4 Bxd4 6. Nxd4 Nxd4 7. Bg5 d6 8.
f4 Qe7 9. Nc3 c6 10. fxe5 dxe5 11. Rf2 Be6 12. Bd3 h6 13. Bxf6 gxf6 14. Qf1
O-O-O 15. Rxf6 Rhg8 16. Kh1 Rg6 17. Rxg6 fxg6 18. Qe1 Rf8 19. Nd1 c5 20. Ne3
Kb8 21. Qg3 Qg5 22. Qxg5 hxg5 1/2-1/2